From the mountain. (Record no. 7422)

000 -LEADER
fixed length control field 00564nam a2200193 a 4500
001 - CONTROL NUMBER
control field :::00005183$&:&@@
003 - CONTROL NUMBER IDENTIFIER
control field OkBaRHE
005 - DATE AND TIME OF LATEST TRANSACTION
control field 20000607103323.0
008 - FIXED-LENGTH DATA ELEMENTS--GENERAL INFORMATION
fixed length control field s1983 j 000 0 eng u
020 ## - INTERNATIONAL STANDARD BOOK NUMBER
International Standard Book Number 0805415297 (pbk.)
040 ## - CATALOGING SOURCE
Transcribing agency
100 1# - MAIN ENTRY--PERSONAL NAME
Personal name McEachern, Alton H.
245 10 - TITLE STATEMENT
Title From the mountain.
260 ## - PUBLICATION, DISTRIBUTION, ETC. (IMPRINT)
Place of publication, distribution, etc Nashville, TN., :
Name of publisher, distributor, etc Broadman Press
Date of publication, distribution, etc c1983
300 ## - PHYSICAL DESCRIPTION
Extent 143 p. ;
Dimensions 20 cm.
650 ## - SUBJECT ADDED ENTRY--TOPICAL TERM
Topical term or geographic name as entry element Sermon on the Mount
942 ## - ADDED ENTRY ELEMENTS (KOHA)
Source of classification or shelving scheme
Koha item type Books
Copies
Price effective from Koha item type Damaged status Source of classification or shelving scheme Shelving location Permanent Location Full call number Not for loan Withdrawn status Lost status Date acquired Date last seen Barcode Copy number
2010-04-14Books  General StacksRHEMA Bible Training CollegeBT 380.2 .M37   2010-04-142010-04-1451831